000 00241nam a22001217a 4500
041 _aENG
100 _aJoshi.v
245 _aHatapump Rakshak Margarshik
260 _aPune
_bAfam Prakashan
_c1986
300 _a24
650 _aGAE
856 _uGAE
999 _c671
_d671